Fortschrittliche Betriebsführung und Industrial Engineering
Salvato in:
| Natura: | Periodico |
|---|---|
| Lingua: | tedesco |
| Pubblicazione: |
Darmstadt
REFA
|
| Tags: |
Nessun Tag, puoi essere il primo ad aggiungerne!!
|
MARC
| LEADER | 00000nas1a22000001 4500 | ||
|---|---|---|---|
| 001 | s120709 | ||
| 005 | 20250729081648.9 | ||
| 022 | |a 0340-8302 | ||
| 041 | 0 | |a ger | |
| 044 | |a DE | ||
| 245 | 1 | 0 | |a Fortschrittliche Betriebsführung und Industrial Engineering |
| 264 | 1 | |a Darmstadt |b REFA | |